[Event "Titled Tuesday intern op 21st Mar Early"]
[Site "Chess.com INT"]
[Date "2023.03.21"]
[Round "2"]
[White "Costachi, Mihnea"]
[Black "Safin, Robert"]
[Result "1-0"]
[WhiteElo "2476"]
[BlackElo "2207"]
[PlyCount "85"]
[EventDate "2023.03.21"]
[EventType "swiss (blitz)"]
[EventRounds "11"]
[EventCountry "USA"]
[SourceTitle "EXT 2024"]
[Source "ChessBase"]
[SourceDate "2023.10.10"]
[SourceVersion "1"]
[SourceVersionDate "2023.10.10"]
[SourceQuality "1"]

1. d4 Nf6 2. c4 e6 3. Nf3 d5 4. Nc3 c5 5. cxd5 cxd4 6. Qxd4 exd5 7. Bg5 Be7 8. e3 h6 9. Bh4 0-0 10. Be2 Nc6 11. Qd1 Qb6 12. Qb3 Rd8 13. Qxb6 axb6 14. 0-0 d4 15. exd4 Nxd4 16. Bd1 Bg4 17. Nxd4 Rxd4 18. Bxg4 Rxg4 19. Bg3 Bc5 20. Rfd1 Ne4 21. Nxe4 Rxe4 22. Rd2 Rd4 23. Re2 Rxa2 24. Rc1 Rb4 25. Be5 Bd4 26. Bxd4 Rxd4 27. g3 Rb4 28. Rc7 Rbxb2 29. Re8+ Kh7 30. Rxf7 Rb5 31. h4 Ra4 32. Kg2 Rg4 33. f3 Rg6 34. g4 h5 35. Rff8 Rf6 36. Rh8+ Kg6 37. g5 Rc6 38. Kg3 Rb3 39. Re7 Rd6 40. Rg8 Rdd3 41. Rgxg7+ Kf5 42. Rgf7+ Kg6 43. Rf6# 1-0